| 000 | 00448cam a22001457a 4500 | ||
|---|---|---|---|
| 008 | 180718b1962 xxu||||| |||| 00| 0 eng d | ||
| 082 | _aLx73 L589f | ||
| 100 | _aLewis, Wilfred | ||
| 245 |
_aFederal fiscal policy in the postwar recessions _cby Wilfred Lewis |
||
| 260 |
_aWashington, D.C. _bBrookings _c1962 |
||
| 300 | _a311p. | ||
| 500 | _aStudies of Government Finance; 448/6 | ||
| 650 | _aFiscal policy --USA | ||
| 650 | _aFinance, Public --USA | ||
| 999 |
_c372308 _d372308 |
||